LIBRARY & INFORMATION CENTRE, KCAET, TAVANUR

ONLINE PUBLIC ACCESS CATALOGUE (OPAC)

Literature of England AD 500-1960 / (Record no. 5328)

MARC details
000 -LEADER
fixed length control field 00397cam a2200157ua 4500
041 ## - LANGUAGE CODE
Language code of text/sound track or separate title eng
082 ## - DEWEY DECIMAL CLASSIFICATION NUMBER
Classification number 828.09
Item number ENT/LI
100 ## - MAIN ENTRY--AUTHOR NAME
Personal name Entwistle, William J .
245 ## - TITLE STATEMENT
Title Literature of England AD 500-1960 /
260 ## - PUBLICATION, DISTRIBUTION, ETC. (IMPRINT)
Place of publication London :
Name of publisher Longman.
300 ## - PHYSICAL DESCRIPTION
Number of Pages 302 ; .
700 1# - ADDED ENTRY--PERSONAL NAME
Personal name Gillette, Eric .
942 ## - ADDED ENTRY ELEMENTS (KOHA)
Koha item type Books
Holdings
Withdrawn status Lost status Damaged status Home library Current library Date acquired Full call number Accession Number Koha item type
Withdrawn     KAUAET Sanskrit University 07/04/2012 828.09 11764 Books
free website counter